000 00215nam a22000857a 4500
008 160712b xxu||||| |||| 00| 0 eng d
100 _92664
_a Roy, N
245 _aThe Chip
260 _aNew Delhi
_bChildren Book Trust
_c2004
999 _c2317
_d2317